All Countries, Europe's Capitals, U.S. States & Capitals #2 - Statistics

General Stats
  • This quiz has been taken 56 times
  • The average score is 237 of 337
Answer Stats
Hint Answer % Correct
CC Rome
86%
C Colombia
82%
SC Columbia
82%
CC Lisbon
82%
CC Madrid
82%
CC Zagreb
82%
S Alaska
77%
C Algeria
77%
CC Amsterdam
77%
C Andorra
77%
C Armenia
77%
CC Athens
77%
C Australia
77%
C Azerbaijan
77%
C Bahrain
77%
C Belarus
77%
C Belgium
77%
CC Berlin
77%
CC Bucharest
77%
CC Budapest
77%
C Bulgaria
77%
C Central African Republic
77%
C Chad
77%
CC Copenhagen
77%
C Costa Rica
77%
C Croatia
77%
C Cyprus
77%
C Czechia
77%
C Democratic Republic of the Congo
77%
C Denmark
77%
C Dominican Republic
77%
CC Dublin
77%
C Egypt
77%
C El Salvador
77%
C Fiji
77%
C Finland
77%
C Gabon
77%
C | S Georgia
77%
C Germany
77%
C Ghana
77%
C Greece
77%
C Guatemala
77%
C Guinea
77%
C Guinea-Bissau
77%
C Haiti
77%
CC Helsinki
77%
C Honduras
77%
C Iceland
77%
C India
77%
C Indonesia
77%
C Iran
77%
C Iraq
77%
C Ireland
77%
C Israel
77%
C Italy
77%
C Jamaica
77%
C Japan
77%
C Jordan
77%
CC Kiev
77%
C Kosovo
77%
C Lebanon
77%
C Liechtenstein
77%
C Lithuania
77%
CC London
77%
C Luxembourg
77%
C Mali
77%
C Mexico
77%
C Monaco
77%
C Montenegro
77%
C Morocco
77%
C Myanmar
77%
C Netherlands
77%
C New Zealand
77%
C Nicaragua
77%
C Niger
77%
C Nigeria
77%
C Norway
77%
C Oman
77%
CC Oslo
77%
C Poland
77%
C Portugal
77%
C Qatar
77%
C Republic of the Congo
77%
C Romania
77%
C Rwanda
77%
C San Marino
77%
C Serbia
77%
C Sierra Leone
77%
C Slovakia
77%
C Slovenia
77%
CC Sofia
77%
C South Africa
77%
C Spain
77%
C Togo
77%
C Tunisia
77%
C Uganda
77%
C Ukraine
77%
C United Arab Emirates
77%
C United Kingdom
77%
CC Vaduz
77%
C Vatican City
77%
C Yemen
77%
C Afghanistan
73%
S Alabama
73%
C Albania
73%
CC Andorra La Vella
73%
C Angola
73%
C Antigua and Barbuda
73%
C Argentina
73%
S Arizona
73%
S Arkansas
73%
C Bahamas
73%
C Bangladesh
73%
C Barbados
73%
CC Belgrade
73%
C Belize
73%
C Benin
73%
CC Bern
73%
C Bhutan
73%
C Bolivia
73%
C Bosnia and Herzegovina
73%
C Botswana
73%
CC Bratislava
73%
C Brunei
73%
CC Brussels
73%
C Burundi
73%
S California
73%
C Canada
73%
CC Chisinau
73%
C Comoros
73%
C Djibouti
73%
C Dominica
73%
C East Timor
73%
C Ecuador
73%
C Equatorial Guinea
73%
C Eritrea
73%
C Estonia
73%
C Eswatini
73%
C Ethiopia
73%
C Federated States of Micronesia
73%
C Gambia
73%
C Guyana
73%
S Hawaii
73%
C Hungary
73%
S Idaho
73%
S Indiana
73%
C Ivory Coast
73%
C Kazakhstan
73%
C Kenya
73%
C Kyrgyzstan
73%
C Laos
73%
C Latvia
73%
C Lesotho
73%
C Liberia
73%
C Libya
73%
CC Ljubljana
73%
C Malawi
73%
C Malta
73%
C Marshall Islands
73%
S Maryland
73%
C Mauritius
73%
CC Minsk
73%
S Moldova
73%
CC Moscow
73%
C Mozambique
73%
C Namibia
73%
C North Korea
73%
C North Macedonia
73%
C Panama
73%
C Papua New Guinea
73%
CC Paris
73%
C Philippines
73%
CC Podgorica
73%
CC Prague
73%
CC Pristina
73%
CC Reykjavik
73%
CC Riga
73%
C Russia
73%
C Samoa
73%
CC Sarajevo
73%
C Senegal
73%
CC Skopje
73%
C Somalia
73%
C South Korea
73%
C South Sudan
73%
CC Stockholm
73%
C Sudan
73%
C Sweden
73%
C Switzerland
73%
C Taiwan
73%
CC Tallinn
73%
C Tanzania
73%
C Thailand
73%
C Trinidad and Tobago
73%
C Turkmenistan
73%
C Tuvalu
73%
C United States
73%
C Uruguay
73%
C Uzbekistan
73%
CC Valletta
73%
C Venezuela
73%
CC Vilnius
73%
CC Warsaw
73%
C Zambia
73%
C Zimbabwe
73%
C Austria
68%
C Brazil
68%
C Burkina Faso
68%
C Cambodia
68%
C Cameroon
68%
C Chile
68%
C China
68%
S Colorado
68%
C Cuba
68%
S Delaware
68%
S Florida
68%
C France
68%
C Grenada
68%
S Iowa
68%
C Kiribati
68%
C Madagascar
68%
S Maine
68%
C Malaysia
68%
S Michigan
68%
S Mississippi
68%
C Mongolia
68%
C Nepal
68%
S Nevada
68%
S New Hampshire
68%
S New Mexico
68%
S New York
68%
S North Dakota
68%
S Ohio
68%
S Oklahoma
68%
S Oregon
68%
C Pakistan
68%
C Palau
68%
C Paraguay
68%
S Rhode Island
68%
C Saint Kitts and Nevis
68%
C Saint Lucia
68%
C Saint Vincent and the Grenadines
68%
C Saudi Arabia
68%
C Seychelles
68%
C Singapore
68%
C Solomon Islands
68%
S South Carolina
68%
S South Dakota
68%
C Suriname
68%
C Syria
68%
C Tajikistan
68%
S Tennessee
68%
S Texas
68%
CC Tirana
68%
C Tonga
68%
S Utah
68%
S Vermont
68%
CC Vienna
68%
C Vietnam
68%
S Washington
68%
S Wisconsin
68%
SC Austin
64%
SC Boise
64%
C Cape Verde
64%
SC Columbus
64%
S Connecticut
64%
S Illinois
64%
S Kansas
64%
S Kentucky
64%
C Kuwait
64%
S Louisiana
64%
C Maldives
64%
S Massachusetts
64%
C Mauritania
64%
S Minnesota
64%
S Montana
64%
C Nauru
64%
S Nebraska
64%
S New Jersey
64%
S North Carolina
64%
SC Olympia
64%
S Pennsylvania
64%
C Peru
64%
SC Sacramento
64%
C São Tomé and Príncipe
64%
C Sri Lanka
64%
SC Tallahassee
64%
C Vanuatu
64%
S Virginia
64%
S West Virginia
64%
S Wyoming
64%
SC Annapolis
59%
SC Atlanta
59%
SC Boston
59%
SC Denver
59%
SC Dover
59%
SC Frankfort
59%
SC Indianapolis
59%
SC Juneau
59%
SC Little Rock
59%
S Missouri
59%
SC Montgomery
59%
SC Nashville
59%
SC Oklahoma City
59%
SC Phoenix
59%
SC Salt Lake City
59%
SC Santa Fe
59%
C Turkey
59%
SC Albany
55%
SC Augusta
55%
SC Baton Rouge
55%
SC Bismarck
55%
SC Carson City
55%
SC Hartford
55%
SC Honolulu
55%
SC Jackson
55%
SC Jefferson City
55%
SC Lansing
55%
SC Madison
55%
SC Pierre
55%
SC Raleigh
55%
SC Richmond
55%
SC Saint Paul
55%
SC Salem
55%
SC Charleston
50%
SC Cheyenne
50%
SC Des Moines
50%
SC Harrisburg
50%
SC Helena
50%
SC Lincoln
50%
SC Montpelier
50%
SC Providence
50%
SC Topeka
50%
SC Trenton
50%
SC Concord
45%
SC Springfield
45%
No matching quizzes found
Score Distribution
Percent of People with Each Score
Percentile by Number Answered
Your Score History
You have not taken this quiz